• 首页
  • 本馆介绍
  • 公告通知
  • 最新文献
  • 馆藏检索
  • 电子资源
  • 读者导购
  • 参考咨询
  • 我的图书馆
  • 登录
  • 详细信息显示
  • 放入我的书架
  • 预约/预借图书
  • 作者相关作品
  • 分类相关作品
  • 丛书相关作品
  • 出版社相关作品

书目信息

  • 表格格式
  • 工作单格式
  • 卡片格式
题名:
汽车标志大全
    
 
作者: 林平 编著
分册:  
出版信息: 北京   电子工业出版社  2021
页数: 184页
开本: 26cm
丛书名: 车标图鉴系列丛书
单 册:
中图分类: J534.4
科图分类:
主题词: 汽车--标志--介绍--世界
电子资源:
ISBN: 978-7-121-40960-8
000 00836oam2 2200241 450
001 2334574333
005 20231129125842.91
010    @a978-7-121-40960-8@dCNY100.00
100    @a20210520d2021 em y0chiy50 ea
101 0  @achi
102    @aCN@b110000
105    @aa z 000yy
200 1  @a汽车标志大全@Aqi che biao zhi da quan@e日本、韩国、印度篇@f林平编著
210    @a北京@c电子工业出版社@d2021
215    @a184页@c彩图@d26cm
225 1  @a车标图鉴系列丛书
330    @a本书主要介绍日本、韩国和印度三个国家的汽车工业概况:比较著名的近期仍在生产的汽车品牌的定位、建立及发展过程,标志的变化历史及标志内涵;经典名车欣赏等。
461  0 @12001 @a车标图鉴系列丛书
606 0  @a汽车@x标志@x介绍@y世界
690    @aJ534.4@v5
701  0 @a林平@Alin ping@f(1956-)@4编著
801  0 @aCN@b山东中教@c20231126
905    @aBZT@dJ534.4@e6
    
    汽车标志大全:日本、韩国、印度篇/林平编著.-北京:电子工业出版社,2021
    184页:彩图;26cm.-(车标图鉴系列丛书)
    
    
    ISBN 978-7-121-40960-8:CNY100.00
    本书主要介绍日本、韩国和印度三个国家的汽车工业概况:比较著名的近期仍在生产的汽车品牌的定位、建立及发展过程,标志的变化历史及标志内涵;经典名车欣赏等。
●
相关链接 在五车中查询图书 在当当中查询图书 在豆瓣中查询图书


正题名:汽车标志大全     索取号:J534.4/6         预约/预借

序号 登录号 条形码 馆藏地/架位号 状态 备注
1 2001146461   2001146461   中教(第二批第二书库)/山东中教(第二书库)/673/ [索取号:J534.4/6] 在馆    
2 2001146462   2001146462   中教(第二批第二书库)/山东中教(第二书库)/673/ [索取号:J534.4/6] 在馆    
3 2001146463   2001146463   中教(第二批第二书库)/山东中教(第二书库)/673/ [索取号:J534.4/6] 在馆    
4 2001146464   2001146464   中教(第二批第二书库)/山东中教(第二书库)/673/ [索取号:J534.4/6] 在馆    
5 2001146465   2001146465   中教(第二批第二书库)/山东中教(第二书库)/673/ [索取号:J534.4/6] 在馆    
6 2001146466   2001146466   中教(第二批第二书库)/山东中教(第二书库)/673/ [索取号:J534.4/6] 在馆    
7 2001146467   2001146467   中教(第二批第二书库)/山东中教(第二书库)/673/ [索取号:J534.4/6] 在馆    
8 2001146468   2001146468   中教(第二批第二书库)/山东中教(第二书库)/673/ [索取号:J534.4/6] 在馆    
9 2001146469   2001146469   中教(第二批第二书库)/山东中教(第二书库)/673/ [索取号:J534.4/6] 在馆    
10 2001146470   2001146470   中教(第二批第二书库)/山东中教(第二书库)/673/ [索取号:J534.4/6] 在馆    
11 2001146471   2001146471   中教(第二批第二书库)/山东中教(第二书库)/673/ [索取号:J534.4/6] 在馆    
12 2001146472   2001146472   中教(第二批第二书库)/山东中教(第二书库)/673/ [索取号:J534.4/6] 在馆    
13 2001146473   2001146473   中教(第二批第二书库)/山东中教(第二书库)/673/ [索取号:J534.4/6] 在馆    
14 2001146474   2001146474   中教(第二批第二书库)/山东中教(第二书库)/673/ [索取号:J534.4/6] 在馆    
15 2001146475   2001146475   中教(第二批第二书库)/山东中教(第二书库)/673/ [索取号:J534.4/6] 在馆    
16 2001146476   2001146476   中教(第二批第二书库)/山东中教(第二书库)/673/ [索取号:J534.4/6] 在馆    
17 2001146477   2001146477   中教(第二批第二书库)/山东中教(第二书库)/673/ [索取号:J534.4/6] 在馆    
18 2001146478   2001146478   中教(第二批第二书库)/山东中教(第二书库)/673/ [索取号:J534.4/6] 在馆    
19 2001146479   2001146479   中教(第二批第二书库)/山东中教(第二书库)/673/ [索取号:J534.4/6] 在馆    
20 2001146480   2001146480   中教(第二批第二书库)/山东中教(第二书库)/673/ [索取号:J534.4/6] 在馆    
21 2001146481   2001146481   中教(第二批第二书库)/山东中教(第二书库)/673/ [索取号:J534.4/6] 在馆    
22 2001146482   2001146482   中教(第二批第二书库)/山东中教(第二书库)/673/ [索取号:J534.4/6] 在馆    
23 2001146483   2001146483   中教(第二批第二书库)/山东中教(第二书库)/673/ [索取号:J534.4/6] 在馆    
24 2001146484   2001146484   中教(第二批第二书库)/山东中教(第二书库)/673/ [索取号:J534.4/6] 在馆    
25 2001189619   2001189619   中教(第二批第二书库)/山东中教(第二批)/1909/ [索取号:J534.4/6] 在馆    
26 2001189620   2001189620   中教(第二批第二书库)/山东中教(第二批)/1909/ [索取号:J534.4/6] 在馆    
27 2001189621   2001189621   中教(第二批第二书库)/山东中教(第二批)/1909/ [索取号:J534.4/6] 在馆    
28 2001189622   2001189622   中教(第二批第二书库)/山东中教(第二批)/1909/ [索取号:J534.4/6] 在馆    
29 2001189623   2001189623   中教(第二批第二书库)/山东中教(第二批)/1909/ [索取号:J534.4/6] 在馆    
30 2001189624   2001189624   中教(第二批第二书库)/山东中教(第二批)/1909/ [索取号:J534.4/6] 在馆    
山东省滨州职业学院图书馆 欢迎您!
大连网信软件有限公司© 版权所有